000 00848nam a2200181Ia 4500
008 100920s9999 xx 000 0 und d
082 _b106985
_a--- न 06
100 _aअलेक्झांडर मॅक्काल स्मिथ/चांदोरकर नीला.
245 _aद नंबर वन लेडिज डिटेक्टिव्ह एजन्सी.
260 _bमेहता पब्लिशिंग हाऊस,पुणे 30.
_c2006
300 _a226
_bसाधी
365 _b200
520 _aकादंबरी.
630 _aद नंबर वन लेडिज डिटेक्टिव्ह एजन्सी.
650 _aकादंबरी.
730 _aद नंबर वन लेडिज डिटेक्टिव्ह एजन्सी.
942 _cBOOK
999 _c747409
_d747406